[Event "DEM U12/U12w 2004"]
[Site "Willingen GER"]
[Date "2004.06.02"]
[Round "7"]
[White "Kroner, Sarah"]
[Black "Dannhorn, Anna"]
[Result "1/2-1/2"]
[Termination "normal"]
[Board "50"]
[WhiteElo "889"]
[BlackElo "1085"]
[PlyCount "32"]
[EventCountry "GER"]
[EventRounds "11"]
[EventType "swiss"]
[EventDate "2004.05.29"]

1. e4 e5 2. Nf3 Nc6 3. Bc4 Bc5 4. c3 h6 5. d4 exd4 6. cxd4 Bb6 7. O-O d6 8. Be3
Bg4 9. h3 Bh5 10. Nc3 Nge7 11. g4 Bg6 12. Nh4 Bh7 13. Qf3 O-O 14. Qg3 g5 15.
Nf3 Nb4 16. h4 Nc2 1/2-1/2

[Event "DEM U12/U12w 2004"]
[Site "Willingen GER"]
[Date "2004.06.02"]
[Round "7"]
[White "Saak, Saskia"]
[Black "Rau, Carla"]
[Result "1/2-1/2"]
[Termination "normal"]
[Board "51"]
[WhiteElo "1084"]
[BlackElo "929"]
[PlyCount "74"]
[EventCountry "GER"]
[EventRounds "11"]
[EventType "swiss"]
[EventDate "2004.05.29"]

1. e4 d6 2. d4 g6 3. c4 Bg7 4. Nc3 Nf6 5. Be2 O-O 6. Nf3 Nbd7 7. O-O e5 8. d5
Nc5 9. Qc2 c6 10. b4 Ncd7 11. Be3 c5 12. a3 b6 13. Qd2 Ng4 14. Nb5 Ndf6 15. Bg5
h6 16. Bxf6 Bxf6 17. h3 Nxf2 18. Rxf2 Bg7 19. bxc5 bxc5 20. Rb1 Rb8 21. Rff1
Qe7 22. Nc3 Qc7 23. Rxb8 Qxb8 24. Rb1 Qc7 25. Qb2 Bd7 26. Qb7 Qa5 27. Qxd7 Qxc3
28. Qxa7 Qe3+ 29. Kf1 Qxe4 30. Rb8 Qe3 31. Ke1 e4 32. Nd2 Bc3 33. Rxf8+ Kxf8
34. Qb8+ Kg7 35. Qxd6 Qg1+ 36. Bf1 Qe3+ 37. Be2 Qg1+ 1/2-1/2